000 00609nam a2200193 a 4500
001 3480
003 CO-ViMGA
008 141112s2004 ck r 000 u spa d
040 _aCO-ViMGA
_bspa
_cCO-ViMGA
082 0 4 _a372.634044 T677
100 1 _aTorres, Mirta
_953262
245 1 0 _aQue hay y que falta en las escrituras alfabéticas de los chicos :
_buna experiencia pedagogica en 2o. y 3o. grado /
_cTorres Mirta , Utrich Stella
250 _a2a
260 _aBuenos Aires :
_bAique,
_c1991
300 _a108 p
650 1 4 _aESCRITURA - ENSEÑANZA
650 1 4 _aUtrich, Stella
_953264
942 _2ddc
_cBK
999 _c15525
_d15525